00888 a2200193 4500020002900000020002500029040000800054082001000062245009300072250003600165260004000201300002400241650002600265650002000291942002300311999001700334952017200351952017100523 a978-0-345-47232-8 (pbk.) a0-345-47232-2 (pbk.) aDLC00a153.810aMindset : the new psychology of success bthe new psychology of success cCarol S. Dweck aBallantine Books trade pbk. ed. aNew York :bBallantine Books,c2008 ax, 277 p. ;c21 cm. 0xPsychological aspects 0aSelf-perception cBKk153.8 DWE2ddc c10891d10891 001040708NFICaCLbCLcGENd2012-04-20eGlobal~Link Information Servicesg1396.01l11m5o153.8 DWEpSEECS011262q2024-09-08r2024-08-09s2024-08-09w2017-01-05yBK 001040708NFICaCLbCLcGENd2012-05-08eGlobal~Link Information Servicesg1396.01l4m1o153.8 DWEpSEECS011281q2019-02-16r2019-01-17s2019-01-17w2017-01-05yBK